000 00870nam a2200277 i 4500
001 bg
100 1 _aBEURLEN, Karl
245 1 0 _aSkamieniałości /
_cKarl Beurlen i Gerhard Lichter ; przekł. [z niem.] i adaptacja Józef Kaźmierczak.
246 _iTyt. oryg.:
_aVersteinerungen
260 _aWarszawa :
_bGeoCenter :
_b"Świat Książki",
_c1997.
300 _a287 s. :
_bfot. kolor., rys. ;
_c20 cm.
490 1 _aLeksykon Przyrodniczy
500 _aOryg. : "Versteinerungen", 1996.
504 _aBibliogr. s. 275. - Indeks.
650 9 _aSkamieniałości
_zEuropa
655 _aAtlasy
700 1 _aLICHTER, Gerhard
830 _aLeksykon Przyrodniczy
020 _a8371294093 (ŚK)
040 _cBPK
041 1 _apl
_hde
080 _a56(4)(02.025.2)
920 _a83-7129-409-3 (ŚK)
942 _cKS
008 s pl f |000 0 pol
999 _c32475
_d32475
856 _uhttp://koha.tu.koszalin.pl/cgi-bin/koha/opac-detail.pl?biblionumber=32475
_yKatalog online BPK